000
00376nam a2200133Ia 4500
008
100328s9999 xx 000 0 und d
082
_b
23157
100
_a
शिरवाडकर वि.वा.
245
_a
जान्हवी
260
_b
कॉन्टिनेन्टल
630
_a
जान्हवी
730
_a
जान्हवी
942
_c
BOOK
999
_c
516926
_d
516923